000 00476nam a2200181Ia 4500
999 _c28560
_d28560
003 OSt
005 20201127095909.0
008 190216s9999||||xx |||||||||||||| ||und||
020 _a9798188582319
040 _coclc
082 _a894.8123
_bSUR/K
100 _aSurab
_96947
245 0 _aKallivalli /
_cSurab
260 _bGreen Books,
_a Thrissur:
_c2004.
300 _a104p
650 _aNovel
942 _cBK
_2ddc
_h894.8123
_iSUR/K
_k894.8123
_mSUR/K